Conquiste o mundo adivinhando países 🌎 - Statistics

Estatísticas Gerais
  • Esse quiz foi jogado 1 297 vezes
  • A pontuação média é 74 de 212
Respostas no mapa
Respostas codificadas por cores de uma escala verde-vermelha no mapa do quiz de acordo com a % correta abaixo.
 
Estatísticas das Respostas
Posição Poder País % Correto
#7-9 +9 França | Reino Unido | Brasil
90%
#1-3 +12 Estados Unidos | Rússia | China
86%
#19-21 +8 Austrália | Israel | Canadá
76%
#46-48 +6 México | Peru | Filipinas
57%
#40-42 +6 Singapura | Romênia | Argentina
54%
#13-15 +9 Egito | Irã | Alemanha
53%
#4-6 +10 Índia | Japão | Coreia do Sul
53%
#16-18 +8 Indonésia | Arábia Saudita | Espanha
50%
#52-54 +5 Portugal | Marrocos | Dinamarca
43%
#79-81 +3 Sri Lanka | Bolívia | República Democrática do Congo
43%
#31-33 +7 Suécia | África do Sul | Noruega
43%
#100-102 +3 Armênia | Mongólia | Uruguai
39%
#10-12 +9 Paquistão | Turquia | Itália
33%
#37-39 +6 Holanda | Myanmar | Colômbia
30%
#49-51 +5 Chile | Bielorrússia | Uzbequistão
29%
#25-27 +8 Ucrânia | Tailândia | Argélia
27%
#109-111 +2 Estônia | Sudão do Sul | Paraguai
26%
#124-126 +2 República do Congo | Madagascar | Mauritânia
24%
#43-45 +6 Venezuela | Malásia | Bangladesh
23%
#67-69 +4 Bulgária | Bélgica | Equador
20%
#76-78 +3 Cuba | Sudão | Iêmen
19%
#103-105 +2 Bahrein | Níger | Mali
18%
#130-132 +1 Panamá | República Centro-Africana | Gabão
18%
#61-63 +4 Sérvia | Cazaquistão | Croácia
18%
#28-30 +7 Coreia do Norte | Grécia | Suíça
17%
#82-84 +3 Catar | Quênia | Nova Zelândia
14%
#22-24 +8 Taiwan | Polônia | Vietnã
14%
#64-66 +4 Azerbaijão | Síria | Angola
13%
#55-57 +5 Hungria | Finlândia | Iraque
13%
#70-72 +4 Líbia | Kuwait | Omã
13%
#133-135 +1 Macedônia do Norte | Eritreia | Suriname
13%
#88-90 +3 Eslovênia | Uganda | Chade
12%
#34-36 +6 República Checa | Nigéria | Emirados Árabes Unidos
10%
#94-96 +3 Camboja | Guatemala | Gana
9%
#118-120 +2 Laos | Nepal | Nicarágua
9%
#58-60 +5 Eslováquia | Áustria | Etiópia
8%
#97-99 +3 Letônia | Irlanda | Tajiquistão
8%
#73-75 +3 Tunísia | Jordânia | Afeganistão
8%
#127-129 +2 Namíbia | El Salvador | Burkina Faso
7%
#112-114 +2 Tanzânia | Albânia | Honduras
7%
#115-117 +2 Costa do Marfim | Líbano | Moçambique
6%
#136-138 +1 Serra Leoa | Somália | Libéria
6%
#106-108 +2 Botsuana | Moldávia | Camarões
3%
#85-87 +3 Lituânia | Turcomenistão | Zâmbia
3%
#121-123 +2 Bósnia e Herzegovina | República Dominicana | Montenegro
2%
#91-93 +3 Zimbábue | Geórgia | Quirguistão
1%
Nenhum quiz correspondente encontrado
Distribuição das Pontuações
Porcentagem de Pessoas com Cada Pontuação
Percentil de Números Respondidos
Sua Pontuação Histórica
Você não jogou esse quiz